| 000 | 00392nam a2200157Ia 4500 | ||
|---|---|---|---|
| 003 | LDD | ||
| 008 | 181029s9999 xx 000 0 und d | ||
| 020 | _a8170501296 | ||
| 040 | _cLDD | ||
| 100 | _aKaul, T.N | ||
| 245 | 0 |
_aIndo-Soviet relations _bprospects and problems _cT.N Kaul |
|
| 260 |
_aNew Delhi _bPatriot _c1991 |
||
| 300 | _avii, 233p | ||
| 901 |
_a758 _b24-02-1997 |
||
| 942 |
_2ddc _cBK |
||
| 999 |
_c42264 _d42264 |
||